Tekst piosenki - Jestem bogiem - Statystyki

Ogólne statystyki
  • Ten quiz został rozwiązany 17 razy
  • Średni wynik to 38 z 79
Statystyki odpowiedzi
Hint Odpowiedź % Poprawnych
Bo ja jestem ____ Bogiem
100%
Raz, ____ dwa
100%
Raz, ____ dwa
100%
że w głowach się ____ pierdoli
100%
Mam jedną ____ schizofrenię pierdoloną
100%
____ to sobie (sobie) Uświadom
100%
Duszę ____, to jaki jestem skromny artysty
92%
Chyba w ____ on był mi dany DNA
92%
____ Bogiem Jestem
92%
____ Bogiem Jestem
92%
____ Bogiem Jestem
92%
Ty też ____ Bogiem jesteś
92%
Ty też ____ Bogiem jesteś
92%
Ty też ____ Bogiem jesteś
92%
Gdy poznają mój urok ____ osobisty
92%
Oszaleją wszystkie ____ pizdy
92%
Przejebany, ____ niewyczerpany potencjał
92%
H-I-P-H-O-P, bez ____ oddany reszty
92%
Uświadom to sobie, ____ sobie
92%
Uświadom to sobie, ____ sobie
92%
Uświadom to sobie, ____ sobie
92%
____ emocjonalne Zaburzenia
92%
Rozejdziesz się po ____ łokciach
85%
O rany, rany, jestem ____ niepokonany
85%
Powiesz mi, że to ____ obciach
85%
Proszę ____ to na antenie puść
85%
Powiem Ci, że to ____ fakt
77%
Włos jeży się na ____ głowie
77%
____ Cię, i tak Pierdolę
77%
I wiesz co mnie ____? boli
69%
Tylko ____ to sobie, sobie wyobraź
69%
Tylko ____ to sobie, sobie wyobraź
69%
Tylko ____ to sobie, sobie wyobraź
69%
Zakłócony ____ ludziom dobrej woli pokój
62%
I bystry i szczery do bólu, że aż ____ przezroczysty
62%
Czekaj ____, Rah, jeszcze Fokus
54%
Materiał ____ łatwopalny
54%
Doznaje szoku w ____ roku, za to spalmy 2000
46%
System ____ binarny
46%
Słyszysz ____, od których słowa
46%
W pełni ____, za czyny swe odpowiedzialny poczytalny
38%
Wyprzedza świat realny, niewiedza ____ wirtualny
38%
A-N-B-L-O-K-____-J-B-____-L E
31%
W bezsensie sens jest jedynym ____ awansem
23%
Energii ____ werbalny cios
23%
Pora na elaborat ____ eksperymentalny
23%
____ to mój sensei Hip hop
23%
Unoszę Cię, bo z góry widok ____ kapitalny
23%
Przed ____ słuchaczy milionami
23%
Tak to jest ____ więcej mniej
23%
Trafiam Cię w punkt ____ centralny
15%
I rzucam tym, a to jak _____ kauczuk
15%
I idealny obraz jak ____ tropikalny krajobraz
15%
Nastroszę się, gniew boski jest ____ nieobliczalny
15%
Niuanse, _____ seanse sensacyjne
15%
____ proszę Słuchaj
15%
Unoszę się ponad to na ____ efektach specjalnych
15%
Czysta ____ żadnego fałszu technika
15%
____, S-M-O-K na kartki biel Cel
8%
A poczujesz jeszcze od tych ____ dreszcze lepsze
8%
Da przepływ ____ momentalny
8%
____ krach Monstrualny
8%
Przed ____ tutaj nam
8%
Wiedz, że ____ spłoszę niepewności
8%
Jak ty ____, pędzi tu jak halny nieprzemakalny
8%
O. Widzę, że ____ się ładnie przedstawił Pan
8%
____ nieprzewidywalny Rah
8%
Balansem w naturze, ____ korekta równowagi
8%
Le-le-lekko jak hel napełniam ____ trwogą
8%
____ w co zechcę Uwierzysz
8%
Widzę, widzę, widzę więcej, wiem ____ więcej
8%
I zapewniam, jak ____ kontakt z podłogą wrogom
8%
Twą ____ chęć dorównania swym bogom dozgonną
0%
W sposób niekonwencjonalny ____ treści głoszę
0%
____ potencjalny na występ teatralny Kandydat
0%
Przysięgam na ____ ogon
0%
Ogrom ____ podąża swą drogą PFK
0%
W tej chwili ____ słuchaczom
0%
Uczę się ____ życia sztuki
0%
Nie znaleziono quizów pasujących do podanych kryteriów
Rozkład punktacji
Procent ludzi z każdym wynikiem
Percentyl według liczby udzielonych odpowiedzi
Twoja historia wyników
Nie rozwiązałeś tego quizu